000
00226nam a2200097Ia 4500
008
240331s9999 xx 000 0 und d
082
_b
PER
100
_a
Tamil University. ed
245
0
_a
Perunchol Aharathi :
_b
Part 2
942
_c
L
999
_c
3268
_d
3268